000
00302nam a2200133Ia 4500
005
20250603145855.0
008
250603s9999 xx 000 0 und d
100
_a
Phyllis Schlafly
245
4
_a
The gravediggers
260
_b
Pere Marquette press
260
_c
1964
300
_a
126 p
942
_c
BK
999
_c
43110
_d
43110